000 00541nam a2200193Ia 4500
005 20250508161720.0
008 008 250505s9999 xx 000 0 eng d
037 _aTextual
040 _aFEDL
_beng
_cFEDL
041 _aeng
_2eng
084 _a371.42, BEC
_qFEDL
100 _aBeck Carlton E.
_9140040
245 0 _aPhilosiphical foundations of guidance
260 _aEnglewood Cliffs
_b Prentice-Hall
_c1963
300 _axiv,171p.
650 _aEducation
942 _cTEXL
_h371.42, BEC
999 _c1371702
_d1371702